|
|
|
|
| LEADER |
00000nab a2200000uu 4500 |
| 001 |
vtls011442305 |
| 003 |
SK-MaSNL |
| 005 |
20260303123322.0 |
| 008 |
230213|1971 xo |||||||||||||||||slo| |
| 015 |
|
|
|a SNBRB
|
| 035 |
|
|
|a (urnnbn)urn:nbn:sk:snk:ar-003237
|
| 035 |
|
|
|a (uuid)f6e601b0-e88a-4320-aa78-d045d0f7f787
|
| 035 |
|
|
|a urn:nbn:sk:snk-abcgco
|
| 040 |
|
|
|a SNKBUCL
|b slo
|c SNKBUCL
|e AACR2
|
| 041 |
0 |
|
|a slo
|
| 044 |
|
|
|a xo
|c SK
|
| 100 |
1 |
|
|a Šubík, Július,
|d 1944-
|4 aut
|9 198155
|
| 245 |
1 |
0 |
|a BIOCHEMICKÉ MUTANTY V ŠTÚDIU ENZÝMOVÉHO SYSTÉMU OXIDATÍVNEJ FOSFORYLÁCIE
|c Július Šubík
|
| 773 |
0 |
|
|t Biológia : časopis Slovenskej akadémie vied
|g Roč. 26, č. 6 (1971), s. 487-492
|
| 954 |
|
|
|a odborná, vedecká literatúra pôvodná (slovenská)
|2 lita
|
| 958 |
|
|
|a OND
|
| 958 |
|
|
|a EUIPO
|
| 958 |
|
|
|a article16
|
| 999 |
|
|
|c 1925161
|d 1927091
|